Sinh lý bệnh học
Cuốn sách "SINH LÝ BỆNH HỌC" được viết nhân dịp trường Đại học Y Hà Nội kỷ niệm 100 năm thành lập, với sự tham gia của nhiều giáo sư, phó giáo sư trong bộ môn. Sách được dùng làm tài liệu học tập, nghiên cứu dành cho sinh viên na...
שמור ב:
| מחבר ראשי: | |
|---|---|
| מחברים אחרים: | , , |
| פורמט: | ספר |
| שפה: | Vietnamese |
| יצא לאור: |
H.
Y học
2016
|
| מהדורה: | Tái bản lần thứ 3 |
| נושאים: | |
| תגים: |
הוספת תג
אין תגיות, היה/י הראשונ/ה לתייג את הרשומה!
|
| Thư viện lưu trữ: | Thư viện Trường Đại học Nam Cần Thơ |
|---|
| LEADER | 01776nam a22002777a 4500 | ||
|---|---|---|---|
| 001 | NCT_31063 | ||
| 008 | 171016b xxu||||| |||| 00| 0 vie d | ||
| 999 | |c 1494 |d 1494 | ||
| 020 | |c 115000 | ||
| 082 | 1 | 4 | |2 22rd ed. |a 571.9 |b L107 |
| 100 | 1 | 0 | |a Nguyễn Ngọc Lanh |
| 245 | 1 | 0 | |a Sinh lý bệnh học |c Nguyễn Ngọc Lanh |
| 250 | |a Tái bản lần thứ 3 | ||
| 260 | |a H. |b Y học |c 2016 | ||
| 300 | |a 470 Tr. |b Minh họa |c 27 cm | ||
| 500 | |a ĐTTS ghi: trường Đại học Y Hà Nội - Bộ môn miễn dịch - sinh lý bệnh | ||
| 520 | 3 | |a Cuốn sách "SINH LÝ BỆNH HỌC" được viết nhân dịp trường Đại học Y Hà Nội kỷ niệm 100 năm thành lập, với sự tham gia của nhiều giáo sư, phó giáo sư trong bộ môn. Sách được dùng làm tài liệu học tập, nghiên cứu dành cho sinh viên năm 3 và là tài liệu tham khảo rất hữu ích cho các học viên sau đại học khi cần lấy chứng chỉ môn học. Nội dung quyển sách giới thiệu mục tiêu của từng phần, giới thiệu đại cương, định nghĩa bệnh học và trình bày các biểu hiện, cơ chế và hậu quả của các loại bệnh. | |
| 653 | |a Y đa khoa | ||
| 653 | |a Dược học | ||
| 655 | |a Sinh lý bệnh | ||
| 700 | 1 | |a Văn Đình Hoa | |
| 700 | 1 | |a Phan Thị Thu Anh | |
| 700 | 1 | |a Trần Thị Chính | |
| 942 | |2 ddc |c BK | ||
| 952 | |0 0 |1 0 |2 ddc |4 0 |6 571_900000000000000_L107 |7 0 |9 7167 |a 000001 |b 000001 |d 2018-04-18 |o 571.9 L107 |p MD.10836 |r 2018-04-18 |v 115000.00 |w 2018-04-18 |y BK | ||
| 980 | |a Thư viện Trường Đại học Nam Cần Thơ | ||